Регионална библиотека "Любен Каравелов" - Русе

Творческият процес в телевизията (Запис номер 159357)

MARC детайли
000 -Лидер
Контролно поле с фиксирана дължина 01698nam a2200337 c 4500
003 - Код на организацията, давaща контролен номер
Контролно поле BLK
005 - Дата и час на последна редакция
Контролно поле 20180422113638.0
008 - Елементи от данни с фиксирана дължина
fixed length control field 180410b bul|||||r ||||||| ||bul||
010 ## - Наследен системен номер
LC control number KNG00166471000
040 ## - Източник на каталожния запис
Идентификатор на билиотеката - собственик на записа BLK
041 ## - Код за език
Код за езика на текст/звукозапис или на отделно заглавие Български
Код за езика КДБФ Български
080 ## - УДК
Текстов определител УДК Телевизионно предаване
УДК код - определител по УДК 654.197
УДК определител (075.8)
УДК - код + определител 654.197(075.8)
080 ## - УДК
Текстов определител УДК Вестници. Журналистика. Радио- и тележурналистика. Вж и 05; 070.48
УДК код - определител по УДК 07
УДК определител (075.8)
УДК - код + определител 07(075.8)
100 1# - Редна дума - Автор
Автор Райчева, Лилия
Авторска отговорност първи автор
R(LIN) 368600
139 ## - Редно поле
Редна дума Райчева, Лилия
Авторски знак Раич - Р 29
245 10 - Сведения за заглавието
Заглавие Творческият процес в телевизията
Подзаглавни данни Орг., управление и програмиране : Учебник за студентите от СУ Св. Климент Охридски
Редно поле (дума) Лилия Райчева; * Лилия Райчева Тодорова.
257 ## - Страна на издаване
Страна на създаване/издаване България
260 ## - Област на издателските данни
-- София
Име на издателя, разпространителя и проч. Унив. изд. Св. Климент Охридски
Година на издаване 1991
300 ## - Физическа характеристика
Страници 128 с.
Размери/Мащаб 20 см
380 ## - Жанр
Жанр Обществени науки
500 ## - Общи забележки
Забележка Пълното име на авт. е Лилия Райчева Тодорова.
650 #4 - Допълнително описание по предмет – тема
Основно описание – тема или топоним Телевизионна журналистика - учебници за ВУЗ
9 (RLIN) 334473
653 ## - Ключова дума – ненормативна
Ключова дума телевизионна журналистика
653 ## - Ключова дума – ненормативна
Ключова дума учебници за ВУЗ
700 1# - Други автори (авторска отговорност)
Лично име Тодорова, Лилия Райчева
Автороска отговорност (Описва отношението между автора и произведението) *
9 (RLIN) 334472
852 ## - Местоположение
Форматна сигнатура Цб 168639
856 4# - Електронен адрес и достъп
Електронен формат pdf - файл
Път до файла /url/
856 4# - Електронен адрес и достъп
Електронен формат pdf - файл
Път до файла /url/
942 ## - АРТИКУЛИ
Вид на библиотечния материал Книги
Скрит в OPAC Не
944 ## - СЪЗДАВАНЕ И РЕДАКЦИЯ на ЗАПИСА
Създаване/Редакция Създаване
Дата на регистрацията/редакция 30.10.2014
Статус, дата на статуса 30.10.2014 - от С1,Р / 30.10.2014
Служител, извършил регистрацията/редакцията Кина_Георгиева
944 ## - СЪЗДАВАНЕ И РЕДАКЦИЯ на ЗАПИСА
Създаване/Редакция Редакция
Дата на регистрацията/редакция 01.08.2017
Статус, дата на статуса 30.10.2014 - от С1,Р / 30.10.2014
Служител, извършил регистрацията/редакцията Виолета_Тройчева
999 ## - СИСТЕМНИ КОНТРОЛНИ НОМЕРА
Koha biblionumber 159357
Koha biblioitemnumber 159357
Наличности
Код за отписване Код за изгубен артикул Източник на класификационната схема Код за повреда Коз за рестрикции Код за отдаване Артикулен № Име на библиотеката - собственик Име на библиотеката, в която се намира в момента Статус (Текущо местоположение) Дата на вписване в системата Местоположение - отдел Цена в лева Инвентарен номер Систематично азбучна сигнатура Баркод Номер на екземпляра Цена в евро Служебна бележка Служебен тип на артикула
  Не е изгубен Universal Decimal Classification Не е повреден без рестрикции ползва се в читалня 266226 Регионална библиотека "Любен Каравелов" Русе Регионална библиотека "Любен Каравелов" Русе Хранилище 1991-01-01 Хранилище 19.95 567859 Цб 298662 120000567859 1 10.20 N: стар фонд Дата: 01.01.1991 Книги
Изтеглен Не е изгубен Universal Decimal Classification Не е повреден без рестрикции заемане за дома 266227 Регионална библиотека "Любен Каравелов" Русе Регионална библиотека "Любен Каравелов" Русе Заемна - подръчен фонд 1991-01-01 Заемна - подръчен фонд 19.95 577105 П 654/Р 29 577105 2 10.20 N: стар фондз Дата: 01.01.1991 Дата инв: 06.02.2018 Бележки инв: П2018 Книги
Vip Innovations Ltd, Rousse, Bulgaria 2025